书目信息 |
| 题名: |
电磁式流体测量理论与方法
|
|
| 作者: | 尹仕熠 著 | |
| 分册: | ||
| 出版信息: | 上海 上海交通大学出版社 2021.05 |
|
| 页数: | 148页 | |
| 开本: | 24cm | |
| 丛书名: | ||
| 单 册: | ||
| 中图分类: | O441.5 | |
| 科图分类: | ||
| 主题词: | 电磁测量--dian ci ce liang--研究 | |
| 电子资源: | ||
| ISBN: | 978-7-313-24804-6 | |
| 000 | 01141nam0 2200253 450 | |
| 001 | CAL 0120217200308 | |
| 005 | 20210714153741.9 | |
| 010 | @a978-7-313-24804-6@b精装@dCNY98.00 | |
| 100 | @a20210714d2021 em y0chiy0120 ea | |
| 101 | 0 | @achi |
| 102 | @aCN@b310000 | |
| 105 | @aa a 001yy | |
| 106 | @ar | |
| 200 | 1 | @a电磁式流体测量理论与方法@Adian ci shi liu ti ce liang li lun yu fang fa@e基于调和矢量场与网络建模@f尹仕熠著 |
| 210 | @a上海@c上海交通大学出版社@d2021.05 | |
| 215 | @a148页@c图@d24cm | |
| 320 | @a有书目 (第136-145页) 和索引 | |
| 330 | @a本书介绍基于调和矢量场与网络建模的电磁式流体测量理论与方法。内容主要涉及基于调和矢量场与网络建模的场分布计算理论、非满管直匀流的定常流场分布理论、长弧形电极结构的电磁式非满管流体测量、非绝缘测量管结构的电磁式非满管测量、单点与接地电极结构的电磁式非满管测量、多维模型下非理想电磁式流体测量性能差异等。 | |
| 517 | 1 | @a基于调和矢量场与网络建模@Aji yu tiao he shi liang chang yu wang luo jian mo |
| 606 | 0 | @a电磁测量@Adian ci ce liang@x研究 |
| 690 | @aO441.5@v5 | |
| 701 | 0 | @a尹仕熠@Ayin shi yi@4著 |
| 801 | 0 | @aCN@b人天书店@c20210714 |
| 905 | @aTSG@b0002515@dO441.5@eY601@f1 | |
| 电磁式流体测量理论与方法:基于调和矢量场与网络建模/尹仕熠著.-上海:上海交通大学出版社,2021.05 |
| 148页:图;24cm |
| ISBN 978-7-313-24804-6(精装):CNY98.00 |
| 本书介绍基于调和矢量场与网络建模的电磁式流体测量理论与方法。内容主要涉及基于调和矢量场与网络建模的场分布计算理论、非满管直匀流的定常流场分布理论、长弧形电极结构的电磁式非满管流体测量、非绝缘测量管结构的电磁式非满管测量、单点与接地电极结构的电磁式非满管测量、多维模型下非理想电磁式流体测量性能差异等。 |
| ● |
| 相关链接 |
|
|
|
正题名:电磁式流体测量理论与方法
索取号:O441.5/Y601
 
预约/预借
| 序号 | 登录号 | 条形码 | 馆藏地/架位号 | 状态 | 备注 |
| 1 | 1533543 | 215335439 | 自科库401/401自科库 58排7列2层/ [索取号:O441.5/Y601] | 在馆 |